|
|
|
|
| LEADER |
02825nam a2200601 a 4500 |
| 001 |
000000034 |
| 005 |
20171023151536.0 |
| 008 |
000315s1752 xo e lat |
| FMT |
|
|
|
| 040 |
|
|
|a SVKKK
|b slo
|c SVKKK
|e AACR2
|
| 041 |
0 |
|
|a lat
|
| 044 |
|
|
|a xo
|c SK
|
| 080 |
|
|
|a 51
|
| 080 |
|
|
|a 514
|
| 080 |
|
|
|a 514.116
|
| 080 |
|
|
|a 531
|
| 080 |
|
|
|a 531.19
|
| 080 |
|
|
|a 532.1
|
| 080 |
|
|
|a 532.11
|
| 080 |
|
|
|a 533.6
|
| 100 |
1 |
|
|a Revický, Anton,
|d 1713-1781
|4 aut
|
| 245 |
1 |
0 |
|a Universae Matheseos Brevis Institutio :
|b Theoretico-Practica, Ex Operibus PP. Societatis Jesu Collec[ta]m, Complectens Hac Prima Parte Arithmeticam, Geometriam, Trigonometriam, Mechanicam, Staticam, Hydrostaticam, Hydraulicam, Aerometriam.
|
| 260 |
|
|
|a Tyrnaviae :
|b Typis Academicis Societatis Jesu,
|c Anno M. DCC. LII. [=1752]
|
| 300 |
|
|
|a [4],244 s. [2],A/8-P/8,Q/2 [=124] list.
|e 6 obr. príl.
|c 8°. 17,5x10,5 cm
|
| 500 |
|
|
|a Autor a spoluautor podľa Petrika.
|
| 500 |
|
|
|a Na predtitl. liste "Universae Matheseos Brevis Institutio Theoretico-Practica. Pars Prima."
|
| 500 |
|
|
|a Vinety ornam., vineta ornam.-fig., vlys ornam., linky, inic. s architek. pozadím v rámčeku na 5 r., verz. vo voľ. priestore na 2,3 r., titl. list s červeno-čiernou tlačou, za textom 6 obr. príl. - náčrty ku geometrii a mechanike, tab., kustódy.
|
| 501 |
|
|
|a Prív. 1.: REVICKÝ, A. - IVANČIČ, J.: Universae Matheseos Brevis Institutio ... Secunda Parte. Tyrnaviae 1753. 8°.
|
| 501 |
|
|
|a Prív. 2.: REVICKÝ, A. - IVANČIČ, J.: Universae Matheseos Brevis Institutio ... Tertia Parte. Tyrnaviae 1755. 8°.
|
| 505 |
2 |
|
|a Konvolút.
|
| 510 |
4 |
|
|a Petrik II/689 [pod Matheseos], III/219 [pod Reviczky, A.], V/224 [pod Ivancics, J.]; Hanakovič III/1360 [pod Universa]; Kolodziejský 362/2439; Pumprla 252/440 [pod Reviczky, A.]; Dokoupil 134/497 [pod Reviczky, A.]; Zelliger 113 [pod Reviczky, A.]; Telgársky-Banská VI/12545; MZK; ÖNB; OSZK; SNK; VKOL.
|
| 561 |
|
|
|a Peč.: Štátna vedecká knižnica v Košiciach. Rkp.: Inscriptus Catalog. Li... Coll. Cassov. SJ 1765.
|
| 563 |
|
|
|a Lepenka, hnedá mramor. koža s rámcovou link. slepotlačou, chrbát s link. slepotlačou.
|
| 653 |
1 |
|
|a aerometria
|
| 653 |
1 |
|
|a geometria
|
| 653 |
1 |
|
|a hydraulika
|
| 653 |
1 |
|
|a hydrostatika
|
| 653 |
1 |
|
|a matematika
|
| 653 |
1 |
|
|a mechanika
|
| 653 |
1 |
|
|a statika
|
| 653 |
1 |
|
|a trigonometria
|
| 653 |
1 |
|
|a prírodné vedy
|
| 653 |
2 |
|
|a učebnice
|
| 700 |
1 |
|
|a Ivančič, Ján,
|d 1722-1784
|4 aut
|
| 710 |
0 |
|
|a Akademická tlačiareň
|c Trnava
|d 1648-1773
|4 prt
|
| 710 |
0 |
|
|a knižnice - Knižnica Právnickej akadémie
|c Košice
|4 sgn
|
| 752 |
|
|
|a Slovensko
|d Trnava
|
| 852 |
|
|
|p V 637c PA
|
| 904 |
|
|
|a cf--z---ekc------yyybb1001--
|
| 905 |
|
|
|a bf-a1bdc
|5 -------
|
| 910 |
|
|
|a svkkk
|
| 998 |
|
|
|a TRNTL
|
| BAS |
|
|
|